Uplatnenie plánovacích metód na podporu rekonštrukcie historických štruktúr krajiny

Obnova historického parku na základe dokumentu Podmienky základnej ochrany pamiatky Sad A. Kmeťa v Piešťanoch. Základné vstupy a východiská v zadaní úlohy vypracovania dokumentu, ciele riešenia, majetkovoprávne vzťahy. Zásady ochrany vyplývajúce z nadradených dokumentácií, dokumentov a podkladov. A...

ver descrição completa

Na minha lista:
Detalhes bibliográficos
Autor principal: Gažová, Daniela
Formato: Capítulo de Livro
Idioma:eslovaco
Assuntos:
Tags: Adicionar Tag
Sem tags, seja o primeiro a adicionar uma tag!

MARC

LEADER 00000naa$a2200000$$$4500
001 0088365
005 20220715093341.6
041 0 |a slo 
044 |a SK 
245 1 0 |a Uplatnenie plánovacích metód na podporu rekonštrukcie historických štruktúr krajiny  |c Daniela Gažová 
520 |a Obnova historického parku na základe dokumentu Podmienky základnej ochrany pamiatky Sad A. Kmeťa v Piešťanoch. Základné vstupy a východiská v zadaní úlohy vypracovania dokumentu, ciele riešenia, majetkovoprávne vzťahy. Zásady ochrany vyplývajúce z nadradených dokumentácií, dokumentov a podkladov. Analýza stavu. Zásady a podmienky pamiatkovej ochrany. 
610 2 0 |a ochrana pamiatok 
610 2 0 |a metódy plánovania 
610 2 0 |a pamiatky 
610 2 0 |a dokumenty 
610 2 0 |a analýzy 
610 2 0 |a Slovensko 
100 1 |a Gažová, Daniela